| 000 | 00751nam a2200241 i 4500 | ||
|---|---|---|---|
| 001 | 13830 | ||
| 003 | ES-MaACL | ||
| 005 | 20250804012817.0 | ||
| 007 | t| | ||
| 008 | 980709s1973 fr ||||1| fre d | ||
| 080 | _a111 | ||
| 100 | 1 |
_aStrawson, P. F. _9108411 |
|
| 245 | 1 | 4 |
_aLes individus _b: essai de métaphysique descriptive / _cP.F. Strawson ; traduit de l'anglais par A. Shalom et Paul Drong. |
| 260 |
_aParis : _bEditions du Seuil, _c[1973] |
||
| 300 |
_a287 p. ; _c21 cm. |
||
| 490 | 1 | _aL'ordre philosophique | |
| 650 | 7 |
_aMetafísica _2embne _915012 |
|
| 700 | 1 |
_aShalom, A. _9105999 |
|
| 700 | 1 |
_aDrong, Paul. _945658 |
|
| 830 | 0 |
_aL'ordre philosophique _9177512 |
|
| 852 |
_aES-MaACL _jL-21323 _bR.113554 |
||
| 999 |
_c13830 _d13830 |
||